Europäische Städte nach ihrem italienischen Namen - Statistiken

Allgemein
  • Dieses Quiz wurde 215 mal gespielt
    184 seit der letzten Aktualisierung
  • Das Durchschnittsergebnis liegt bei 58 aus 98
Antwortstatistiken
Region Italienischer Name Deutscher oder einheimischer Name % Korrekt
Deutschsprachiger Raum (Deutschland, Österreich, deutschsprachige Schweiz) Berlino Berlin
95%
Deutschsprachiger Raum (Deutschland, Österreich, deutschsprachige Schweiz) Brema Bremen
94%
Deutschsprachiger Raum (Deutschland, Österreich, deutschsprachige Schweiz) Dresda Dresden
94%
Deutschsprachiger Raum (Deutschland, Österreich, deutschsprachige Schweiz) Friburgo Freiburg
94%
Deutschsprachiger Raum (Deutschland, Österreich, deutschsprachige Schweiz) Amburgo Hamburg
94%
Deutschsprachiger Raum (Deutschland, Österreich, deutschsprachige Schweiz) Berna Bern
93%
Deutschsprachiger Raum (Deutschland, Österreich, deutschsprachige Schweiz) Coblenza Koblenz
93%
Deutschsprachiger Raum (Deutschland, Österreich, deutschsprachige Schweiz) Colonia Köln
93%
Deutschsprachiger Raum (Deutschland, Österreich, deutschsprachige Schweiz) Zurigo Zürich
93%
Deutschsprachiger Raum (Deutschland, Österreich, deutschsprachige Schweiz) Francoforte Frankfurt
92%
Deutschsprachiger Raum (Deutschland, Österreich, deutschsprachige Schweiz) Vienna Wien
92%
Deutschsprachiger Raum (Deutschland, Österreich, deutschsprachige Schweiz) Gottinga Göttingen
91%
Deutschsprachiger Raum (Deutschland, Österreich, deutschsprachige Schweiz) Ulma Ulm
91%
Deutschsprachiger Raum (Deutschland, Österreich, deutschsprachige Schweiz) Norimberga Nürnberg
88%
Deutschsprachiger Raum (Deutschland, Österreich, deutschsprachige Schweiz) Lubecca Lübeck
85%
Deutschsprachiger Raum (Deutschland, Österreich, deutschsprachige Schweiz) Lucerna Luzern
85%
Deutschsprachiger Raum (Deutschland, Österreich, deutschsprachige Schweiz) Monaco di Baviera München
85%
Deutschsprachiger Raum (Deutschland, Österreich, deutschsprachige Schweiz) Salisburgo Salzburg
85%
Italien Milano Mailand
83%
Italien Napoli Neapel
83%
Italien Venezia Venedig
83%
Griechenland Atene Athen
81%
Italien Genoa Genua
81%
Nordeuropa (Benelux, Skandinavien, Britische Inseln) Lussemburgo Luxemburg
81%
Deutschsprachiger Raum (Deutschland, Österreich, deutschsprachige Schweiz) Passavia Passau
81%
Osteuropa (ohne Griechenland) Praga Prag
81%
Deutschsprachiger Raum (Deutschland, Österreich, deutschsprachige Schweiz) Tubinga Tübingen
81%
Italien Torino Turin
81%
Osteuropa (ohne Griechenland) Zagabria Zagreb
81%
Italien Firenze Florenz
80%
Iberische Halbinsel Lisbona Lissabon
79%
Nordeuropa (Benelux, Skandinavien, Britische Inseln) Stoccolma Stockholm
79%
Nordeuropa (Benelux, Skandinavien, Britische Inseln) Londra London
77%
Frankreich + französischsprachige Schweiz Marsiglia Marseille
77%
Deutschsprachiger Raum (Deutschland, Österreich, deutschsprachige Schweiz) San Gallo Sankt Gallen
77%
Osteuropa (ohne Griechenland) San Pietroburgo Sankt Petersburg
77%
Nordeuropa (Benelux, Skandinavien, Britische Inseln) Edimburgo Edinburgh
76%
Osteuropa (ohne Griechenland) Danzica Danzig
75%
Osteuropa (ohne Griechenland) Mosca Moskau
75%
Frankreich + französischsprachige Schweiz Parigi Paris
75%
Italien Bolzano Bozen
73%
Osteuropa (ohne Griechenland) Vilna Vilnius
73%
Frankreich + französischsprachige Schweiz Lione Lyon
71%
Frankreich + französischsprachige Schweiz Tolosa Toulouse
68%
Osteuropa (ohne Griechenland) Breslavia Breslau
67%
Osteuropa (ohne Griechenland) Stettino Stettin
67%
Deutschsprachiger Raum (Deutschland, Österreich, deutschsprachige Schweiz) Augusta Augsburg
66%
Iberische Halbinsel Siviglia Sevilla
66%
Frankreich + französischsprachige Schweiz Ginevra Genf
65%
Iberische Halbinsel Gibilterra Gibraltar
65%
Osteuropa (ohne Griechenland) Cracovia Krakau
65%
Osteuropa (ohne Griechenland) Varsavia Warschau
65%
Italien Padova Padua
64%
Deutschsprachiger Raum (Deutschland, Österreich, deutschsprachige Schweiz) Basilea Basel
62%
Iberische Halbinsel Cordova Córdoba
61%
Frankreich + französischsprachige Schweiz Losanna Lausanne
61%
Deutschsprachiger Raum (Deutschland, Österreich, deutschsprachige Schweiz) Lipsia Leipzig
61%
Deutschsprachiger Raum (Deutschland, Österreich, deutschsprachige Schweiz) Stoccarda Stuttgart
59%
Italien Trento Trient
58%
Deutschsprachiger Raum (Deutschland, Österreich, deutschsprachige Schweiz) Villaco Villach
56%
Griechenland Corinto Korinth
55%
Deutschsprachiger Raum (Deutschland, Österreich, deutschsprachige Schweiz) Ratisbona Regensburg
55%
Griechenland Salonicco Thessaloniki
53%
Frankreich + französischsprachige Schweiz Digione Dijon
52%
Deutschsprachiger Raum (Deutschland, Österreich, deutschsprachige Schweiz) Treviri Trier
50%
Iberische Halbinsel Cadice Cádiz
49%
Deutschsprachiger Raum (Deutschland, Österreich, deutschsprachige Schweiz) Sciaffusa Schaffhausen
49%
Italien Siracusa Syrakus
47%
Griechenland Rodi Rhodos
46%
Nordeuropa (Benelux, Skandinavien, Britische Inseln) Liegi Lüttich
45%
Deutschsprachiger Raum (Deutschland, Österreich, deutschsprachige Schweiz) Spira Speyer
42%
Frankreich + französischsprachige Schweiz Tolone Toulon
42%
Nordeuropa (Benelux, Skandinavien, Britische Inseln) Anversa Antwerpen
39%
Italien Mantova Mantua
39%
Italien Taranto Tarent
38%
Osteuropa (ohne Griechenland) Sebastopoli Sewastopol
37%
Deutschsprachiger Raum (Deutschland, Österreich, deutschsprachige Schweiz) Magonza Mainz
36%
Griechenland Patrasso Patras
35%
Griechenland Il Pireo Piräus
35%
Nordeuropa (Benelux, Skandinavien, Britische Inseln) Nimega Nijmegen
33%
Osteuropa (ohne Griechenland) Spalato Split
29%
Nordeuropa (Benelux, Skandinavien, Britische Inseln) Leida Leiden
25%
Osteuropa (ohne Griechenland) Marburgo Maribor
23%
Osteuropa (ohne Griechenland) Seghedino Szeged
23%
Deutschsprachiger Raum (Deutschland, Österreich, deutschsprachige Schweiz) Aquisgrana Aachen
21%
Deutschsprachiger Raum (Deutschland, Österreich, deutschsprachige Schweiz) Coira Chur
20%
Osteuropa (ohne Griechenland) Arcangelo Archangelsk
19%
Osteuropa (ohne Griechenland) Nissa Niš
19%
Italien Gorizia Görz
18%
Osteuropa (ohne Griechenland) Ragusa Dubrovnik
15%
Osteuropa (ohne Griechenland) Durazzo Durres
13%
Nordeuropa (Benelux, Skandinavien, Britische Inseln) L'Aia Den Haag
12%
Nordeuropa (Benelux, Skandinavien, Britische Inseln) Lovanio Löwen
12%
Osteuropa (ohne Griechenland) Fiume Rijeka
12%
Osteuropa (ohne Griechenland) Zara Zadar
11%
Nordeuropa (Benelux, Skandinavien, Britische Inseln) Elsinora Helsingør
10%
Osteuropa (ohne Griechenland) Leopoli Lemberg
7%
Griechenland Candia Heraklion
6%
Keine übereinstimmenden Quizze gefunden
Verteilung der Resultate
Anzahl Personen mit jedem Resultat
Perzentil nach korrekt beantworteten Fragen
Ihre Resultats-Entwicklung
Sie haben dieses Quiz seit der letzten Aktualisierung nicht gespielt